A dictionary of ancient history

Αποθηκεύτηκε σε:
Λεπτομέρειες βιβλιογραφικής εγγραφής
Άλλοι συγγραφείς: Speake, Graham 1946- (Επιμελητής έκδοσης)
Μορφή: Βιβλίο
Γλώσσα:English
Δημοσίευση: Oxford : Blackwell, c1994
Θέματα:
Ετικέτες: Προσθήκη ετικέτας
Δεν υπάρχουν, Καταχωρήστε ετικέτα πρώτοι!

MARC

LEADER 00000nam a2200000 i 4500
001 1/85665
008 990702s1994 eng d
020 |a 0631180699 
035 |l 10051897 
040 |a GR-MY-UA  |b gre  |e aacr 
041 0 |a eng 
082 0 |a 930.03 
245 1 2 |a A dictionary of ancient history /  |c edited by Graham Speake 
260 |a Oxford :   |b Blackwell,   |c c1994 
300 |a 758 p. 
504 |a Includes bibliographical references 
650 0 0 |a Civilization, Classical  |x Dictionaries. 
650 0 0 |a History, Ancient  |x Dictionaries. 
650 0 0 |a Classical dictionaries. 
651 0 |a Rome  |x History  |x Dictionaries. 
651 0 |a Greece  |x History  |x Dictionaries. 
700 1 |a Speake, Graham  |d 1946-  |4 edt 
852 |a INST  |b LESVOS  |e 19990702  |h 930.03 DIC  |p 005100019983  |q 005100019983  |t REF  |y 23 
901 |a BIBL1-1999-2 
909 |a Λ  |b 062708 
922 |a 1ΕΛΗ  |b 199812  |c ΚΠΣ/ΚΥΒ  |d LEADER 
950 |a 023-1998-09-14 
970 |a ΤΖΑΦΕΡΗ  |b ΕΥΑΓΓΕΛΙΑ  |z 1999/07/06